Záchranný kapitál a jeho vstup do spoločnosti
Záchranný kapitál ako forma financovania. Situácia na trhu rizikového a rozvojového kapitálu. Proces investície rizikového kapitálu - Arca Capital. Kroky po vstupe investora do spoločnosti.
Gespeichert in:
| 1. Verfasser: | |
|---|---|
| Format: | Buchkapitel |
| Sprache: | Slowakisch |
| Schlagworte: | |
| Tags: |
Keine Tags, Fügen Sie das erste Tag hinzu!
|
MARC
| LEADER | 00000nla$a2200000$$$4500 | ||
|---|---|---|---|
| 001 | 0103109 | ||
| 005 | 20240626115615.6 | ||
| 041 | 0 | |a slo | |
| 044 | |a SK | ||
| 245 | 1 | 0 | |a Záchranný kapitál a jeho vstup do spoločnosti |c Oto Frič |
| 520 | |a Záchranný kapitál ako forma financovania. Situácia na trhu rizikového a rozvojového kapitálu. Proces investície rizikového kapitálu - Arca Capital. Kroky po vstupe investora do spoločnosti. | ||
| 610 | 2 | 0 | |a kapitál rizikový |
| 610 | 2 | 0 | |a investovanie |
| 610 | 2 | 0 | |a financovanie |
| 610 | 2 | 0 | |a kríza finančná |
| 610 | 2 | 0 | |a kapitál rozvojový |
| 100 | 1 | |a Frič, Oto | |